| 000 | 005440000a22001930004500 | ||
|---|---|---|---|
| 003 | LK-CoMWRAF | ||
| 005 | 20240120114102.0 | ||
| 008 | 230817t ||||| |||| 00| 0 eng d | ||
| 040 |
_aLK-CoMWRAF _dLK-CoMWRAF _eLK-CoMWRAF |
||
| 041 | _aeng | ||
| 082 |
_a305.42 _bKAN |
||
| 100 | _aKannabiran, Kalpana | ||
| 245 |
_aSearching for solidarity- a south dialogue: _btwo decades of the women's movement: a report |
||
| 260 |
_aSecunderbad: _bAsmita, |
||
| 300 | _a84 p. | ||
| 650 | _aWOMEN'S MOVEMENTS-India | ||
| 650 | _aFeminism | ||
| 942 | _cRP | ||
| 999 |
_c2744 _d2744 |
||